BCD : Barcelona Centro de Diseño Industrial, Barcelona Centre de Disseny Industrial, Barcelona Industrial Design Centre Barcelona Centro de Diseño Industrial, Barcelona Centre de Disseny Industrial, Barcelona Industrial Design Centre
Descripción Física:
1 carpeta : il. ; 33 cm
Otros Autores:
Fundació BCD
Materias:
Fundació BCD
MARC
| LEADER | 00000nam a2200000Ia 4500 | ||
|---|---|---|---|
| 001 | 22097 | ||
| 008 | 160829s1975 xx 000 0 cat d | ||
| 080 | |a FU-53-17 | ||
| 245 | |a BCD : |b Barcelona Centro de Diseño Industrial, Barcelona Centre de Disseny Industrial, Barcelona Industrial Design Centre | ||
| 260 | |a Barcelona : |b BCD, |c 1975 | ||
| 300 | |a 1 carpeta : |b il. ; |c 33 cm | ||
| 590 | |a Conté: Breu història de la Fundació BCD i algunes 'Fichas BCD de Empresa' (dissenys). | ||
| 590 | |a Text en català, castellà i anglès. | ||
| 590 | |a Prové de S-450 | ||
| 650 | |a Fundació BCD |9 47465 | ||
| 700 | |a Fundació BCD | ||
| 901 | |a Arxiu | ||
| 942 | |n 1 | ||
| 952 | |0 0 |1 0 |4 0 |6 FU5317 |7 1 |9 53648 |a Arxiu |b Arxiu |d 2016-12-01 |l 0 |o FU-53-17 |p 22097 |r 2016-12-01 00:00:00 |w 2016-12-01 |y ARXIU | ||
| 999 | |c 57514 |d 57514 | ||